| 000 | 01819nam a2200457Ii 4500 | ||
|---|---|---|---|
| 001 | DIGUEXTER0980 | ||
| 003 | NyNyDIG | ||
| 006 | m o d | ||
| 007 | cr ||||||||||| | ||
| 008 | 240506s2023 ck a ob 000 0 spa d | ||
| 035 | _a(OCoLC)1430566072 | ||
| 040 |
_aDGITA _beng _erda _epn _cDGITA |
||
| 020 |
_a9786287676794 _qeBook |
||
| 020 | _z9786287676787 | ||
| 043 | _as-ck--- | ||
| 050 | 1 | 4 | _aHM861 ebook |
| 245 | 0 | 0 |
_aEstudios de familia y ecología social / _cTatiana Bernal Sánchez, Jairo Estupiñán Mojica y Diana M. Rodríguez Charry, editores. |
| 250 | _aPrimera edición. | ||
| 264 | 1 |
_aBogotá : _bUniversidad Externado de Colombia, _c[2023] |
|
| 300 |
_a1 online resource : _billustrations. |
||
| 336 |
_atext _btxt _2rdacontent |
||
| 337 |
_acomputer _bc _2rdamedia |
||
| 338 |
_aonline resource _bcr _2rdacarrier |
||
| 347 |
_atext file _2rdaft |
||
| 347 | _bPDF | ||
| 490 | 1 |
_aCuadernos del CIDS. Serie I ; _v43 |
|
| 504 | _aIncludes bibliographical references. | ||
| 588 | 0 | _aOnline resource; title from PDF title page (Digitalia, viewed May 6, 2024) | |
| 650 | 0 |
_aSocial ecology _zColombia. |
|
| 650 | 0 |
_aFamilies _zColombia. |
|
| 700 | 1 |
_aBernal Sánchez, Tatiana Marcela, _eeditor. |
|
| 700 | 1 |
_aEstupiñán Mojica, Jairo Gustavo, _eeditor. |
|
| 700 | 1 |
_aRodríguez Charry, Diana M., _eeditor. |
|
| 791 | 2 |
_aDigitalia (Firm), _edistributor. |
|
| 793 | 0 |
_gDigitalia eBook Collection: _aUniversidad Externado de Colombia |
|
| 776 | 0 | 8 |
_iPrint version: _tEstudios de familia y ecología social. _bPrimera edición. _dBogotá : Universidad Externado de Colombia, [2023] _z9786287676787 |
| 830 | 0 |
_aCuadernos del CIDS. _nSerie I ; _v43. |
|
| 856 | 4 | 0 |
_3Digitalia Hispánica _uhttps://www.digitaliapublishing.com/a/138596/ |
| 910 | _aPremium collection: 2024 | ||
| 942 | _cRAA | ||
| 999 |
_c285051 _d285051 |
||